[Ruttkay, Alexander]

Zobrazenie: Podobizeň Alexandra Ruttkaya, slúžneho v Martine.

Bibliographic Details
Other Authors: Jávorik, Július (fotograf) (Photographer)
Format: Photo
Language:German
PhysicalDescription:1 fotografia v hnedom tóne 11 x 7 cm
Published: [S.l. s.n. s.a.]
Subjects:

MARC

LEADER 00000nkmaa2200000 a 4500
001 vtls011986159
003 SK-MaSNL
005 20260331212313.0
007 kh ao
008 230802n au | |||0 k|ger
035 |a urn:nbn:sk:snk-km00ejky 
035 |a urn:nbn:sk:snk-km45vxj 
035 |a 13C93A4D-BE80-4D41-A6B6-4D0E447C8A9A 
040 |a SNKLA  |b slo  |c SNKLA  |e AACR2 
041 0 |a ger 
044 |a au  |c AT 
100 1 |a Jávorik, Július  |c (fotograf)  |4 pht  |9 190473 
245 1 0 |a [Ruttkay, Alexander]  |h grafika 
260 |a [S.l.  |b s.n.  |c s.a.] 
300 |a 1 fotografia  |b v hnedom tóne  |c 11 x 7 cm 
520 2 |a Zobrazenie: Podobizeň Alexandra Ruttkaya, slúžneho v Martine. 
600 1 7 |a Ruttkay, Alexander  |2 SNKMA  |9 53178 
655 7 |a portrétne fotografie  |2 SNKPH  |9 305796 
852 7 |a Slovenská národná knižnica v Martine  |b Literárny archív 
958 |a ZO 
958 |a BLA 
999 |c 694752  |d 696682 
952 |a SNKLA  |b SNKLA  |c SNKLA_DEP  |y NEVYP  |7 0  |p 17A1311249  |o snkSR 56/1  |0 0  |1 0  |4 0  |d 2020-08-10  |f 1  |l 0  |r 2026-02-23 20:38:49  |w 2026-02-23